MARC

LEADER 00000nam0a2200000 4500
001 309013
005 20231102002140.0
020 |a RU  |b 81-22099ж 
035 |a (RuTPU)RU\TPU\book\334335 
090 |a 309013 
100 |a 20151109a1980 k y0rusy5003 ca 
101 0 |a rus 
102 |a RU 
105 |a a z 001zy 
200 1 |a Технология добычи нефти и бурения скважин  |f Башкирский научно-исследовательский и проектный институт нефтяной промышленности (БашНИПИнефть) ; под ред. Н. Ф. Кагарманова 
210 |a Уфа  |c Изд-во БашНИПИнефть  |d 1980 
215 |a 106 с.  |c ил. 
225 1 |a Труды  |v Вып. 58 
606 |a Нефтяные месторождения  |x Системы разработки  |2 stltpush  |3 (RuTPU)RU\TPU\subj\45964  |9 65153 
610 1 |a буровые растворы 
610 1 |a свойства 
610 1 |a бурение 
610 1 |a Башкирия 
610 1 |a промысловые исследования 
610 1 |a вязкость 
610 1 |a экспресс-методы 
610 1 |a экономическая оценка 
610 1 |a сбор 
610 1 |a обработка 
675 |a 622.276  |v 3 
702 1 |a Кагарманов  |b Н. Ф.  |g Нурулла Фаритович  |4 340 
712 0 2 |a Башкирский научно-исследовательский и проектный институт нефтяной промышленности (БашНИПИнефть)  |2 stltpush  |3 (RuTPU)RU\TPU\col\18296 
801 0 |a RU  |b RuMRKP  |c 19950704  |g psbo 
801 1 |a RU  |b 63413507  |c 20151109 
801 2 |a RU  |b 63413507  |c 20190620  |g RCR 
942 |c BK